00731nam a2200229 a 4500001000500000005001700005020001700022020001800039040001800057050002400075082001200099100002000111245005600131260003400187300003600221500002600257505000800283520014800291521002000439521002000459650002200479125120231124100426.0 a078073004997 a9780590462778 aDLCcDLCbeng00aPZ7.S75663bSc 199100a8132201 aSpinelli, Jerry10areport to the principal's office /cJerry Spinelli. aNew York :bScholastic,c1991 a134 pages :c20 cmbIllustrator a"An Apple paperback." aR  aFour completely different students at Plumstead Middle School have one thing in common. They are all about to report to the principal's office. a700 bLexile  aR bRaz-Plus  1aSchoolsxFiction.